000 00391nam a2200133 i 4500
001 24458
003 ES-MaACL
007 t|
008 021217s1902 sp ||||1| spa d
100 1 _aAndrés Tomé, Calixto de.
_921621
245 1 3 _aLa fé en España ó un episodio nacional /
_cCalixto Andrés Tomé.
260 _aMadrid :
_bS. Francisco de Sales,
_c1902.
852 _aES-MaACL
_jT-999-F-3
999 _c24458
_d24458